<?xml version="1.0" encoding="UTF-8"?>
<record
    xmlns:xsi="http://www.w3.org/2001/XMLSchema-instance"
    xsi:schemaLocation="http://www.loc.gov/MARC21/slim http://www.loc.gov/standards/marcxml/schema/MARC21slim.xsd"
    xmlns="http://www.loc.gov/MARC21/slim">

  <leader>01562    a2200229   4500</leader>
  <controlfield tag="003">NALT</controlfield>
  <controlfield tag="005">20250818221602.0</controlfield>
  <controlfield tag="008">240524b        th ||||| |||| 00| 0 tha d</controlfield>
  <datafield tag="040" ind1=" " ind2=" ">
    <subfield code="a">NALT</subfield>
  </datafield>
  <datafield tag="100" ind1="0" ind2=" ">
    <subfield code="a">&#xE1B;&#xE13;&#xE34;&#xE18;&#xE32;&#xE19; &#xE2A;&#xE38;&#xE27;&#xE23;&#xE23;&#xE13;&#xE42;&#xE23;&#xE08;&#xE19;&#xE4C;.</subfield>
    <subfield code="9">61892</subfield>
  </datafield>
  <datafield tag="245" ind1="1" ind2="0">
    <subfield code="a">&#xE2A;&#xE23;&#xE38;&#xE1B;&#xE01;&#xE0E;&#xE2B;&#xE21;&#xE32;&#xE22;&#xE2D;&#xE32;&#xE0D;&#xE32; &#xE20;&#xE32;&#xE04; 3 &#xE25;&#xE2B;&#xE38;&#xE42;&#xE17;&#xE29; /</subfield>
    <subfield code="c">&#xE1B;&#xE13;&#xE34;&#xE18;&#xE32;&#xE19; &#xE2A;&#xE38;&#xE27;&#xE23;&#xE23;&#xE13;&#xE42;&#xE23;&#xE08;&#xE19;&#xE4C;.</subfield>
    <subfield code="h">[electronic resource]</subfield>
  </datafield>
  <datafield tag="260" ind1=" " ind2=" ">
    <subfield code="a">&#xE21;.&#xE1B;.&#xE17;. :</subfield>
    <subfield code="b">Deedee e-book,</subfield>
    <subfield code="c">&#xE21;.&#xE1B;.&#xE1B;.</subfield>
  </datafield>
  <datafield tag="300" ind1=" " ind2=" ">
    <subfield code="a">Online resource</subfield>
  </datafield>
  <datafield tag="505" ind1="2" ind2=" ">
    <subfield code="a">&#xE25;&#xE31;&#xE01;&#xE29;&#xE13;&#xE30;&#xE17;&#xE31;&#xE48;&#xE27;&#xE44;&#xE1B;&#xE02;&#xE2D;&#xE07;&#xE04;&#xE27;&#xE32;&#xE21;&#xE1C;&#xE34;&#xE14;&#xE25;&#xE2B;&#xE38;&#xE42;&#xE17;&#xE29; -- &#xE04;&#xE27;&#xE32;&#xE21;&#xE1C;&#xE34;&#xE14;&#xE25;&#xE2B;&#xE38;&#xE42;&#xE17;&#xE29; -- &#xE04;&#xE27;&#xE32;&#xE21;&#xE1C;&#xE34;&#xE14;&#xE40;&#xE01;&#xE35;&#xE48;&#xE22;&#xE27;&#xE01;&#xE31;&#xE1A;&#xE23;&#xE31;&#xE10;&#xE2B;&#xE23;&#xE37;&#xE2D;&#xE23;&#xE32;&#xE0A;&#xE01;&#xE32;&#xE23; -- &#xE04;&#xE27;&#xE32;&#xE21;&#xE1C;&#xE34;&#xE14;&#xE40;&#xE01;&#xE35;&#xE48;&#xE22;&#xE27;&#xE01;&#xE31;&#xE1A;&#xE04;&#xE27;&#xE32;&#xE21;&#xE2A;&#xE07;&#xE1A;&#xE40;&#xE23;&#xE35;&#xE22;&#xE1A;&#xE23;&#xE49;&#xE2D;&#xE22; &#xE2B;&#xE23;&#xE37;&#xE2D;&#xE2A;&#xE31;&#xE07;&#xE04;&#xE21; -- &#xE04;&#xE27;&#xE32;&#xE21;&#xE1C;&#xE34;&#xE14;&#xE40;&#xE01;&#xE35;&#xE48;&#xE22;&#xE27;&#xE01;&#xE31;&#xE1A;&#xE1A;&#xE38;&#xE04;&#xE04;&#xE25;&#xE2D;&#xE37;&#xE48;&#xE19; -- &#xE04;&#xE27;&#xE32;&#xE21;&#xE1C;&#xE34;&#xE14;&#xE40;&#xE01;&#xE35;&#xE48;&#xE22;&#xE27;&#xE01;&#xE31;&#xE1A;&#xE2A;&#xE31;&#xE15;&#xE27;&#xE4C; -- &#xE04;&#xE27;&#xE32;&#xE21;&#xE1C;&#xE34;&#xE14;&#xE40;&#xE01;&#xE35;&#xE48;&#xE22;&#xE27;&#xE01;&#xE31;&#xE1A;&#xE01;&#xE32;&#xE23;&#xE2A;&#xE23;&#xE49;&#xE32;&#xE07;&#xE04;&#xE27;&#xE32;&#xE21;&#xE40;&#xE14;&#xE37;&#xE2D;&#xE14;&#xE23;&#xE49;&#xE2D;&#xE19;.</subfield>
  </datafield>
  <datafield tag="650" ind1=" " ind2="4">
    <subfield code="a">&#xE01;&#xE0E;&#xE2B;&#xE21;&#xE32;&#xE22;&#xE2D;&#xE32;&#xE0D;&#xE32;</subfield>
    <subfield code="9">49366</subfield>
  </datafield>
  <datafield tag="650" ind1=" " ind2="4">
    <subfield code="a">&#xE04;&#xE27;&#xE32;&#xE21;&#xE1C;&#xE34;&#xE14;&#xE25;&#xE2B;&#xE38;&#xE42;&#xE17;&#xE29;</subfield>
    <subfield code="9">65383</subfield>
  </datafield>
  <datafield tag="650" ind1=" " ind2="4">
    <subfield code="a">&#xE04;&#xE33;&#xE1E;&#xE34;&#xE1E;&#xE32;&#xE01;&#xE29;&#xE32;&#xE04;&#xE14;&#xE35;&#xE2D;&#xE32;&#xE0D;&#xE32;</subfield>
    <subfield code="9">45134</subfield>
  </datafield>
  <datafield tag="856" ind1="4" ind2="0">
    <subfield code="u">https://ebook.parliament.go.th/ebookall/detail/431910</subfield>
    <subfield code="z">E-Book</subfield>
  </datafield>
  <datafield tag="942" ind1=" " ind2=" ">
    <subfield code="2">lcc</subfield>
    <subfield code="c">EBK</subfield>
  </datafield>
  <datafield tag="996" ind1=" " ind2=" ">
    <subfield code="a">i001</subfield>
    <subfield code="b">CATSTF	</subfield>
    <subfield code="c">2025-01-20</subfield>
  </datafield>
  <datafield tag="999" ind1=" " ind2=" ">
    <subfield code="c">103383</subfield>
    <subfield code="d">103383</subfield>
  </datafield>
  <datafield tag="998" ind1=" " ind2=" ">
    <subfield code="j">25</subfield>
    <subfield code="k"> &#xE19;&#xE35;&#xE25;&#xE27;&#xE31;&#xE2A;&#xE19;&#xE4C; &#xE2D;&#xE34;&#xE19;&#xE17;&#xE23;&#xE31;&#xE01;&#xE29;&#xE32;</subfield>
  </datafield>
  <datafield tag="952" ind1=" " ind2=" ">
    <subfield code="0">0</subfield>
    <subfield code="1">0</subfield>
    <subfield code="2">lcc</subfield>
    <subfield code="4">0</subfield>
    <subfield code="7">0</subfield>
    <subfield code="8">CERS</subfield>
    <subfield code="a">NALT</subfield>
    <subfield code="b">NALT</subfield>
    <subfield code="c">ONLINE</subfield>
    <subfield code="d">2023-09-29</subfield>
    <subfield code="e">191</subfield>
    <subfield code="r">2023-09-29 00:00:00</subfield>
    <subfield code="y">EBK</subfield>
  </datafield>
</record>
